000 01083nam a22004097a 4500
005 20250626145924.0
008 200915b2017 xxu||||| |||| 00| 0 spa d
020 _a9788472908246
041 _aESP
082 _a362.295 C224c
245 _aCannabis, de los márgenes a la normalidad hacia un nuevo modelo de regulación
260 _aEspaña
260 _bBellaterra
260 _c2017
300 _a361 páginas
490 _aTemática General
650 _aINVESTIGACIÓN CRIMINAL
650 _aCANNABIS
650 _aREGULACIÓN DEL CANNABIS
650 _aLEGALIDAD
650 _aPROHIBICIÓN
650 _aNORMALIZACIÓN
650 _aEFECTOS SOCIO-SANITARIOS
650 _aPSICOSIS JUVENIL
650 _aTRANSTORNOS MENTALES
650 _aPREVALENCIAS DE CONSUMO
650 _aABUSO DEL CONSUMO
650 _aPRECIOS
650 _aTRATAMIENTO POR CONSUMO
650 _aFRACASO ESCOLAR
650 _aMULTAS
650 _aDETENCIONES
650 _aDELITOS
650 _aUSO TERAPÉUTICO
650 _aIMPORTACIÓN
942 _cBK
_2ddc
999 _c12758
_d12758